000 00659aas a2200217 4500
999 _c2373
_d2373
003 BR-BrBNA
005 20230317233451.0
007 ta
008 230119b bl ||||| |||| 00| 0 por d
035 _a000485-5
040 _aBR-BrBNA
_cBR-BrBNA
042 _aN
044 _abl
245 _aCATI Responde (Brazil)
260 _aCampinas-SP
_bCoordenadoria de Assistência Técnica Integral
_c1996
_eBDF
270 _aAv. Brasil, 2.340 - Caixa Posta, 960 - Cep: 13073-001
310 _amensal
505 _a1996 (1-11,13-14); 1997 (15-16,18-21,23-24); 1998 (22,25-34); 1999 (25,35-42); 2001 (43-47); 2002 (48-53);
909 _a56
_bSergio Santos
_c56
_dSergio Santos
942 _cCR
_2AGRIS